000 00444nam a2200181Ia 4500
001 20077
005 20260306172739.0
008 260306t1989||||xx |||||||||||||| ||spa||
041 _aESP
082 _a342.211
_bO47
100 _aOllero Tassara, Andrés
_eAUT
245 0 _aDerechos humanos y metodología jurídica
260 _c1989
300 _a333 páginas :
_c21 cm.
650 _aGEN
654 _aCDE
942 _cLIB
_dJUS
_fJUS
_2ddc
_n
999 _c20077
_d20077